000 00305nam a22001337a 4500
999 _c168265
_d168265
082 _a
_b
100 _aNagappa Gowda K
245 _aThe Bhagavadgita in the nationalist discourse/
_cby Nagappa Gowda K.
260 _a
_bOxford,
_c2011.
300 _a286p.
600 _a
650 _a
942 _cBK